Manlleu : músics del XX / edició a cura de Jaume Collell i Assumpta Tort músics del XX / edició a cura de Jaume Collell i Assumpta Tort
Descripción Física:
93 p. : il. ; 21 cm
Materias:
Músics -- Manlleu -- S. XX
MARC
| LEADER | 00000nam a2200000Ia 4500 | ||
|---|---|---|---|
| 001 | 12677 | ||
| 008 | 160829s9999 xx 000 0 cat d | ||
| 080 | |a B-1-154 | ||
| 245 | |a Manlleu : |b músics del XX / edició a cura de Jaume Collell i Assumpta Tort | ||
| 260 | |a Manlleu : |b Museu de Manlleu, DL 1991 | ||
| 300 | |a 93 p. : |b il. ; |c 21 cm | ||
| 590 | |a Catàleg de l'exposició del mateix nom celebrada al Museu de Manlleu entre desembre de 1991 i març de 1992 | ||
| 650 | |a Músics |x Manlleu |x S. XX |9 26096 | ||
| 700 | |a Collell, Jaume, ed. |9 26097 | ||
| 700 | |a Tort, Assumpta, ed. |9 26098 | ||
| 700 | |a Museu de Manlleu |9 26099 | ||
| 901 | |a Arxiu | ||
| 942 | |n 1 | ||
| 952 | |0 0 |1 0 |4 0 |6 B1154 |7 1 |9 43880 |a Arxiu |b Arxiu |d 2016-12-01 |l 0 |o B-1-154 |p 12677 |r 2016-12-01 00:00:00 |w 2016-12-01 |y ARXIU | ||
| 999 | |c 46460 |d 46460 | ||